| 000 | 00000nam##2200000za#4500 |
| 001 | 9.571311 |
| 003 | CaOODSP |
| 005 | 20210624182649 |
| 007 | cr ||||||||||| |
| 008 | 150406|1998||||xxc|||||o f|0| 0 eng|d |
| 040 | |aCaOODSP|beng |
| 043 | |an-cn--- |
| 086 | 1 |aTU3-5/98-26E-PDF |
| 110 | 2 |aTransportation Safety Board of Canada. |
| 245 | 10|aLoss of control-- collision with water, Air Rainbow Midcoast (444316 B.C. Ltd.) de Havilland DHC-2 MKI C-GCZA, Saturna Island, British Columbia, 15 July 1998 |h[electronic resource] |
| 260 | |aGatineau - Quebec : |bTransportation Safety Board of Canada |c[2000]. |
| 300 | |a9p. |
| 490 | 1 |aAviation investigation report |vA98P0194 |
| 500 | |a"The Board authorized the release of this report on 06 July 2000"--p.9 of 9. |
| 590 | |a12-18-Supp|b2012-04-25 |
| 775 | 08|tPerte de maîtrise et collision avec un plan d'eau, Air Rainbow Midcoast (444316 B.C. Ltd.) de Havilland DHC-2 MKI C-GCZA, Île Saturna (Colombie-Britannique), le 15 juillet 1998 |w(CaOODSP)9.601926 |
| 830 | #0|aAviation investigation report ;|vA98P0194|w(CaOODSP)9.504825 |
| 856 | 40|ahttp://publications.gc.ca|qPDF|s95 KB|uhttps://publications.gc.ca/collections/collection_2011/bst-tsb/TU3-5-98-26-eng.pdf|yA98P0194 |